A critical edition of Yeats's a vision: 1925 (Record no. 198667)
[ view plain ]
| 000 -LEADER | |
|---|---|
| fixed length control field | 00386nam a2200145Ia 4500 |
| 008 - FIXED-LENGTH DATA ELEMENTS--GENERAL INFORMATION | |
| fixed length control field | 230917s9999||||xx |||||||||||||| ||und|| |
| 040 ## - CATALOGING SOURCE | |
| -- | 46509 |
| Original cataloging agency | VIVEKANANDA LIBRARY |
| 041 ## - Language | |
| -- | English |
| 082 ## - DDC NUMBER | |
| Classification number | 821.8 Y34H:C |
| 100 ## - MAIN ENTRY--PERSONAL NAME | |
| Personal name | Harper, George Mills, ed |
| 245 #2 - TITLE STATEMENT | |
| Title | A critical edition of Yeats's a vision: 1925 |
| 260 ## - PUBLICATION, DISTRIBUTION, ETC. (IMPRINT) | |
| Place of publication, distribution, etc | London |
| Name of publisher, distributor, etc | Macmillan |
| Date of publication, distribution, etc | 1978 |
| 300 ## - PHYSICAL DESCRIPTION | |
| Pages | Various pages. p. |
| 942 ## - ADDED ENTRY ELEMENTS (KOHA) | |
| Koha item type | Books |
| Withdrawn status | Lost status | Damaged status | Not for loan | Location (home branch) | Sublocation or collection (holding branch) | Date acquired | Koha issues (times borrowed) | Koha full call number | Accession No. | Koha date last seen | Koha item type |
|---|---|---|---|---|---|---|---|---|---|---|---|
| VIVEKANANDA LIBRARY | VIVEKANANDA LIBRARY | 27/11/2002 | 821.8 Y34H:C | 57183 | 17/09/2023 | Books |
